Loading...
| Science - Physics | 0 | 7 | 0 | 1 | 70 | 13 | 44.57 | 2 | 5 | 36.91 | 52.30 |
| Science - Chemistry | 0 | 7 | 1 | 0 | 65 | 19 | 49.43 | 3 | 5 | 32.97 | 53.98 |
| Fine Arts - Classical Music | 0 | 5 | 0 | 1 | 50 | 11 | 58.80 | 2 | 3 | 24.08 | 30.76 |
| Science - Other | 0 | 5 | 0 | 1 | 50 | 50 | 67.60 | 0 | 4 | 19.01 | 29.56 |
| Science - Biology | 0 | 4 | 1 | 0 | 35 | 25 | 40.50 | 0 | 1 | 21.92 | 18.68 |
| Philosophy | 0 | 3 | 0 | 0 | 30 | 49 | 62.67 | 0 | 1 | 13.50 | 21.13 |
| Mythology | 0 | 1 | 0 | 1 | 10 | 108 | 108.00 | 0 | 0 | 0.17 | 0.76 |
| Religion | 0 | 1 | 0 | 0 | 10 | 12 | 12.00 | 1 | 1 | 8.17 | 9.09 |
| History - World | 0 | 1 | 0 | 1 | 10 | 109 | 109.00 | 0 | 0 | 0.00 | 0.76 |
| Literature - British | 0 | 1 | 0 | 0 | 10 | 45 | 45.00 | 0 | 0 | 5.37 | 3.64 |
| Literature - American | 0 | 1 | 0 | 0 | 10 | 25 | 25.00 | 1 | 1 | 7.16 | 9.09 |
| Fine Arts - Painting and Sculpture | 0 | 1 | 0 | 0 | 10 | 68 | 68.00 | 0 | 0 | 4.07 | 6.36 |
| History - Other | 0 | 0 | 1 | 0 | -5 | 0.00 | 0 | 0 | 0.00 | 0.00 |